000
00319 a2200145 4500
001
164236
020
_a
040
_c
Magnum
100
_a
-
240
1
0
_a
Arvorella: a arvore das 4 estacoes
_l
por
245
1
0
_a
Arvorella: a arvore das 4 estacoes
362
0
_a
1899
697
_a
I/AVENTURA, CRIANCAS
942
_c
BK
999
_c
164236
_d
164236